000 00278nam a2200109Ia 4500
008 200302s9999 xx 000 0 und d
100 _aAndrew Ballantyne
245 _akey concepts in geography 2nd ed.
260 _bLaurence King Publishing Ltd.,
260 _c2012
300 _a320
999 _c6279
_d6279